000 00861nac a22002051u 4500
090 _c3044
008 081116t xxu||||| |||| 00| 0 eng d
020 _a3791325345 (v. 1)
082 _a720.92
_bJ521
100 _a20080729
245 _aNorman Foster : works 1 /
_c editor David Jenkins
260 _aMunich:
_bPrestel, 2002.
300 _a1v. :
_b ill. (some col.), maps, ports. (some col.)
_cc 31 cm.
_c;
504 _a Includes bibliographical references and index.
600 _aFoster, Norman,
_d 1935-
_x769;s.
_x Catalogues raisonne&
650 _aArchitecture
_zGreat Britain.
700 _aJenkins, David,
_d 1957 Sept. 25-
942 _cBB
_k720.92 J521
_2ddc
999 _c3044
_d3044